01200nam a22002657i 4500999001700000003000900017008004100026040007100067082004500138100001700183245003800200260004000238300002900278500003400307505026400341650002400605650002500629650003900654650003300693650003200726650002700758942001600785945002000801952011300821  c23076d23076AR-CdUCM240923b20232023 ped|||| |||| 00| 0 spa d  aMUNICIPALIDAD PROVINCIAL DEL CUSCOcBIBLIOTECA MUNICIPAL DEL CUSCO  2Tercera edicióna513.076 / O41EbO41E   aOlarte, Joel  aEstadística y Probabilidades /   aCusco :bEditorial Bolaños.c2023  a274 páginas. :c21 cm.  zBibliografía: Página 275.  aIntroducción a la estadística -- Definición y clasificación -- Población y muestra -- Variables estadísticas -- Etapas de la estadística -- Etapas de la estadística -- Tablas de frecuencia -- Medidas de Posición -- Medidas de localización   aMatemática950608  aEstadística 95668  aEjercicios de aplicación 944625  aEjercicios propuestos950609  aTécnicas de conteo950610  aProbabilidades 916891  2ddccLIBROS  apbjd2024-09-23  002ddc4070aSCbSCcCARTd2024-09-23eDonacióng20.00o513.076 / O41E pSC0000002431r2024-09-23yLIBROS